| 000 | 00619nam a22002057a 4500 | ||
|---|---|---|---|
| 999 |
_c9186 _d9186 |
||
| 003 | AR-CdUCM | ||
| 008 | 190327b ||||| |||| 00| 0 spa d | ||
| 040 |
_aMUNICIPALIDAD PROVINCIAL DEL CUSCO _cBIBLIOTECA MUNICIPAL DEL CUSCO |
||
| 082 |
_22ed. _a869.152 / _bC24 |
||
| 100 |
_aCamarlinghi _916652 |
||
| 245 | _aLa Musica Vesanica / | ||
| 260 |
_aLa Paz : _bEdiciones Balsuaro, _c1964. |
||
| 300 |
_a73 paginas ; _c15 cm. |
||
| 500 | _aDonación de la Familia Nieto Dedicatoria a Luis Nieto | ||
| 650 |
_aPoesia _91598 |
||
| 650 |
_aLiteratura _983 |
||
| 650 |
_aHistoria _9136 |
||
| 942 |
_2ddc _cLIBROS |
||
| 945 | _apjha | ||